| 000 | 01258nam0a22003131 4500 | ||
|---|---|---|---|
| 001 | v19\rc\2005625 | ||
| 005 | 20251118181421.6 | ||
| 035 | _a(NLR Aleph) 005090048 | ||
| 090 |
_a7287271 _c7287271 |
||
| 100 | _a20080811d1915 |||y0rusy50 ca | ||
| 101 | 1 |
_arus _cfre |
|
| 102 | _aRU | ||
| 105 | _ay z |||a| | ||
| 200 | 1 |
_aПышка _aДевушка с фермы _aПапа Симона _aНа воде _aПоездка за город _e[Рассказы] _fГюи-де-Мопассан _gПер. с фр. Н. Соболевского |
|
| 205 | _a[3-е изд.] | ||
| 210 |
_aМосква _cУниверсальная б-ка _d1915 |
||
| 215 |
_a114, [1] с. _d14 |
||
| 225 | 1 |
_aУниверсальная библиотека _v№ 713 |
|
| 700 | 1 |
_6z01790 _aМопассан _bГ. де _f1850-1893 _gГи де _3RU\NLR\auth\7713484 _4070 |
|
| 702 | 1 |
_aСоболевский _bН. И. _gНиколай Иванович _4730 |
|
| 790 | 0 |
_6z01700 _aГюи-де-Мопассан _f1850-1893 |
|
| 790 | 1 |
_6z01700 _aМопассан _bГ. де _f1850-1893 _gГюи де |
|
| 801 | 0 |
_aRU _bNLR _gpsbo |
|
| 801 | 0 |
_aRU _bRuMoRGB _2psbo |
|
| 801 | 1 |
_aRU _bProSoft-M _2rusmarc |
|
| 852 |
_aNLR _j37.40.10.1(№ 713) |
||
| 899 |
_aRuMoRGB _jV 129/269 |
||
| 942 | _cBOOK | ||
| 980 | _aNB | ||